000 01283cam a2200337 i 4500
001 29669
003 Mx-PuUPA
005 20250422130742.0
008 140415s2017 mx ao gr 001 0 spa d
020 _a9786079778729
040 _cMx-PuUPA
_aMx-PuUPA
_bspa
_dMx-PuUPA
_erda
041 0 _aspa
100 1 _916803
_aSánchez Fuentes, Francisco,
_eautor
245 _aMéxico cree en ti :
_bhaz lo posible, hazlo posible /
_cFrancisco Sánchez Fuentes, Promotora Social México, autores ; Mauricio de la Cruz de la Fuente, editor
250 _aPrimera edición
264 1 _aCiudad de México :
_bÍndice Editores,
_c2017
300 _a224 páginas :
_bilustraciones, fotografías ;
_c31 cm
336 _2rdacontent
_atexto
_btxt
336 _2rdacontent
_aimagen fija
_bsti
337 _2rdamedia
_asin medio
_bn
338 _2rdacarrier
_avolumen
_bnc
650 7 _2armarc
_aLiderazgo
650 7 _2armarc
_aLiderazgo
_xAspectos morales y éticos
650 7 _2armarc
_aLiderazgo
_xAspectos sociales
700 1 _aCruz de la Fuente, Mauricio de la
_eeditor
710 2 _aPromotora Social México
_eautor
942 _2ddc
_cLI
_h303.34
_iS54
999 _c29669
_d29669